| 000 | 00497nam a2200193 a 4500 | ||
|---|---|---|---|
| 005 | 20230209063843.0 | ||
| 008 | 030407s1994 mx r 000 0 spa d | ||
| 020 | _a9684097646 | ||
| 035 | _aUPN01000123618 | ||
| 049 | _aCG | ||
| 050 | 4 |
_aHD38.2 _bZ3.3 1994 |
|
| 100 | 1 |
_aZapata, Claudio, _d1932- |
|
| 245 | 1 | 0 |
_aForja de ejecutivos innovadores / _cClaudio Zapata. |
| 250 | _a2a ed. | ||
| 260 |
_aMéxico : _bEDAMEX, _c1994. |
||
| 300 | _a138 p. | ||
| 650 | 4 |
_aLiderazgo _95345 |
|
| 905 | _aLibro | ||
| 999 |
_c95797 _d95797 |
||